Countries of the World by Borders and Alphabetical Order - Statistics

General Stats
  • This quiz has been taken 106 times
  • The average score is 97 of 156
Answers on the Map
Answers color-coded by a green-red scale on the quiz's map according to % correct below.
 
Answer Stats
Country % Correct
Belarus
100%
Estonia
95%
Latvia
95%
Russia
95%
Armenia
91%
Azerbaijan
91%
Georgia
91%
Turkey
91%
Albania
89%
Bulgaria
89%
Greece
89%
Kosovo
89%
Serbia
89%
Bosnia and Herzegovina
87%
Macedonia
87%
Austria
85%
Croatia
85%
Hungary
85%
Belgium
82%
Czechia
82%
France
82%
Germany
82%
Algeria
80%
Andorra
80%
Cameroon
80%
Chad
80%
Democratic Republic of the Congo
80%
Libya
80%
Morocco
80%
Spain
80%
Angola
78%
Botswana
78%
Central African Republic
78%
Lesotho
78%
Namibia
78%
South Africa
78%
Swaziland
78%
Burundi
76%
Djibouti
76%
Eritrea
76%
Ethiopia
76%
Kenya
76%
Malawi
76%
Mozambique
76%
Rwanda
76%
Tanzania
76%
Uganda
76%
Afghanistan
75%
Bangladesh
75%
Bhutan
75%
Brunei
75%
Cambodia
75%
China
75%
East Timor
75%
Egypt
75%
India
75%
Indonesia
75%
Iran
75%
Iraq
75%
Israel
75%
Jordan
75%
Laos
75%
Malaysia
75%
Myanmar
75%
Papua New Guinea
75%
Sudan
75%
Thailand
75%
Nepal
62%
Pakistan
62%
Vietnam
62%
Kazakhstan
60%
Kyrgyzstan
60%
Tajikistan
60%
Turkmenistan
60%
Uzbekistan
60%
Syria
58%
Ivory Coast
56%
Kuwait
56%
Lebanon
56%
Liberia
56%
Mali
56%
Oman
56%
Qatar
56%
Saudi Arabia
56%
Somalia
56%
South Sudan
56%
United Arab Emirates
56%
Yemen
56%
Benin
55%
Burkina Faso
55%
Equatorial Guinea
55%
Gabon
55%
Gambia
55%
Ghana
55%
Guinea
55%
Guinea-Bissau
55%
Mauritania
55%
Niger
55%
Nigeria
55%
Republic of the Congo
55%
Senegal
55%
Sierra Leone
55%
Togo
55%
Tunisia
55%
Italy
53%
Lithuania
51%
Poland
51%
San Marino
51%
Slovakia
51%
Slovenia
51%
Denmark
49%
Finland
49%
Luxembourg
49%
Netherlands
49%
Norway
49%
Sweden
49%
Switzerland
49%
Liechtenstein
47%
Argentina
42%
Belize
42%
Bolivia
42%
Brazil
42%
Canada
42%
Chile
42%
Colombia
42%
Costa Rica
42%
Ecuador
42%
Guatemala
42%
Honduras
42%
Mexico
42%
Moldova
42%
Montenegro
42%
Nicaragua
42%
Panama
42%
Peru
42%
Romania
42%
Ukraine
42%
United States
42%
El Salvador
40%
Guyana
40%
Monaco
40%
Mongolia
40%
Paraguay
40%
Portugal
40%
Suriname
40%
Uruguay
40%
Vatican City
40%
Venezuela
40%
Dominican Republic
38%
Haiti
38%
Ireland
38%
North Korea
38%
South Korea
38%
United Kingdom
38%
Zambia
38%
Zimbabwe
38%
No matching quizzes found
Score Distribution
Percent of People with Each Score
Percentile by Number Answered
Your Score History
You have not taken this quiz